<?xml version="1.0" encoding="UTF-8"?>
<collection xmlns="http://www.loc.gov/MARC21/slim">
 <record>
  <leader>01584nam a22002417a 4500</leader>
  <controlfield tag="001">NCT_4_010836</controlfield>
  <controlfield tag="008">240618b        xxu||||| |||| 00| 0 vie d</controlfield>
  <datafield tag="999" ind1=" " ind2=" ">
   <subfield code="c">8492</subfield>
   <subfield code="d">8492</subfield>
  </datafield>
  <datafield tag="020" ind1=" " ind2=" ">
   <subfield code="a">9786041233843</subfield>
   <subfield code="c">140000</subfield>
  </datafield>
  <datafield tag="082" ind1="0" ind2="4">
   <subfield code="2">23rd ed.</subfield>
   <subfield code="a">915.75</subfield>
   <subfield code="b">L529</subfield>
  </datafield>
  <datafield tag="100" ind1="1" ind2=" ">
   <subfield code="a">Leighton, Ralph</subfield>
  </datafield>
  <datafield tag="245" ind1="1" ind2="0">
   <subfield code="a">Cuộc phiêu lưu cuối cùng Feynman = </subfield>
   <subfield code="b">Tuva or bust! Richard Feynman's last journey</subfield>
   <subfield code="c">Ralph Leighton; Nguyễn Văn Liễn, Nguyễn Trần Hương Ly (dịch)</subfield>
  </datafield>
  <datafield tag="250" ind1=" " ind2=" ">
   <subfield code="a">In lần thứ 2</subfield>
  </datafield>
  <datafield tag="260" ind1=" " ind2=" ">
   <subfield code="a">Tp. Hồ Chí Minh</subfield>
   <subfield code="b">Trẻ</subfield>
   <subfield code="c">2023</subfield>
  </datafield>
  <datafield tag="300" ind1=" " ind2=" ">
   <subfield code="a">277 tr.</subfield>
   <subfield code="b">minh họa</subfield>
   <subfield code="c">21cm</subfield>
  </datafield>
  <datafield tag="490" ind1="0" ind2=" ">
   <subfield code="a">Khoa học khám phá</subfield>
  </datafield>
  <datafield tag="520" ind1="3" ind2=" ">
   <subfield code="a">Nội dung sách viết về cuộc phiêu lưu của Feynman. Cùng nhau khám phá, học ngôn ngữ, vượt qua ranh giới địa lý và cố gắng đến được Tuva, một đất nước nhỏ bé giữa lòng châu Á, gần như biệt lập với phần còn lại của thế giới và ít bị ảnh hưởng bởi thế giới hiện đại, với những loài động vật kỳ lạ, những chiếc lều hình tròn,... và hát họng độc đáo.</subfield>
  </datafield>
  <datafield tag="653" ind1=" " ind2=" ">
   <subfield code="a">Tham khảo</subfield>
  </datafield>
  <datafield tag="700" ind1="1" ind2=" ">
   <subfield code="a">Nguyễn Văn Liễn</subfield>
   <subfield code="e">Dịch</subfield>
  </datafield>
  <datafield tag="700" ind1="1" ind2=" ">
   <subfield code="a">Nguyễn Trần Hương Ly</subfield>
   <subfield code="e">Dịch</subfield>
  </datafield>
  <datafield tag="942" ind1=" " ind2=" ">
   <subfield code="2">ddc</subfield>
   <subfield code="c">BK</subfield>
  </datafield>
  <datafield tag="952" ind1=" " ind2=" ">
   <subfield code="0">0</subfield>
   <subfield code="1">0</subfield>
   <subfield code="2">ddc</subfield>
   <subfield code="4">0</subfield>
   <subfield code="6">915_750000000000000_L529</subfield>
   <subfield code="7">0</subfield>
   <subfield code="9">29180</subfield>
   <subfield code="a">000001</subfield>
   <subfield code="b">000001</subfield>
   <subfield code="d">2024-06-18</subfield>
   <subfield code="o">915.75 L529</subfield>
   <subfield code="p">TK.04330</subfield>
   <subfield code="r">2024-06-18</subfield>
   <subfield code="v">140000.00</subfield>
   <subfield code="w">2024-06-18</subfield>
   <subfield code="y">BK</subfield>
  </datafield>
  <datafield tag="980" ind1=" " ind2=" ">
   <subfield code="a">Thư viện Trường Đại học Nam Cần Thơ</subfield>
  </datafield>
 </record>
</collection>
